Normal view
MARC view
- H Chohen
Entry Personal Name
001 - CONTROL NUMBER
- control field: 127124
003 - CONTROL NUMBER IDENTIFIER
- control field: NUST
005 - DATE AND TIME OF LATEST TRANSACTION
- control field: 20241213104636.0
008 - FIXED-LENGTH DATA ELEMENTS
- fixed length control field: 241213|| aca||aabn | a|a d
040 ## - CATALOGING SOURCE
- Original cataloging agency: NUST
- Transcribing agency: NUST
100 ## - HEADING--PERSONAL NAME
- Personal name: H Chohen
670 ## - SOURCE DATA FOUND
- Source citation: Work cat.: (NUST): H Chohen, Gas Turbine theory, 1996.
